| 000 | 01246nam a22003377a 4500 | ||
|---|---|---|---|
| 003 | CHAP | ||
| 005 | 20220329143118.0 | ||
| 008 | 060428d2005 mx a r 00110 spa d | ||
| 010 | _a92104 | ||
| 011 | _a93076 | ||
| 035 | _a103647 | ||
| 040 | _cCHAP | ||
| 090 | _aTesis | ||
| 100 | 1 |
_aPalacios Velarde, Renato _984847 |
|
| 245 | 1 | 0 |
_aValidación y transferencia de tecnología en la ganadería. El caso de los GGAVATT en el sur de Sinaloa _c/por Renato Palacios Velarde |
| 260 |
_aChapingo, Méx. : _bEl autor, _c2005 |
||
| 300 |
_a155 h. : _bilus |
||
| 502 | _aTesis (M. C. en Sociología Rural) -- UACH. Departamento de Sociologia | ||
| 590 |
_aALEPH _b10 _c20130110 _lUCH01 _h1511 |
||
| 590 |
_aBATCH-UPD _b10 _c20130110 _lUCH01 _h0725 |
||
| 590 |
_aBATCH-UPD _b10 _c20130410 _lUCH01 _h0409 |
||
| 590 |
_aBATCH-UPD _b10 _c20130914 _lUCH01 _h0057 |
||
| 590 |
_aCONVERSION _b10 _c20130109 _lUCH01 _h1351 |
||
| 650 | 1 | 4 |
_aAgricultura _xTransferencia de tecnología. _91885 |
| 650 | 1 | 4 |
_aGanadería _xSinaloa. _944847 |
| 901 | _aBK | ||
| 905 | _aMarco A. Mendoza T. | ||
| 942 | _cFOLL | ||
| 949 |
_aTesis _bBC _cTES _d00000001036471 _eTS1 _gDonaciØn _h45209 _i103647 _sb |
||
| 949 |
_aTesis _bBC _cTES _d33724000998134 _eTS2 _fc.2 _gDonaciØn _h45210 _i103647 _sb |
||
| 999 |
_c92104 _d92104 |
||